|
|
|
|
| LEADER |
00000nam a22000007a 4500 |
| 005 |
20130916180519.0 |
| 007 |
cr|||| |||| |
| 008 |
130916s2013 sp |||||s|||| 00||0 spa d |
| 035 |
|
|
|a 11482
|
| 040 |
|
|
|a vLex
|
| 090 |
|
|
|c 4491
|d 4491
|
| 100 |
1 |
|
|a Vz̀quez Iruzubieta, Carlos
|
| 245 |
1 |
0 |
|a Comentario a la Ley de Enjuiciamiento Criminal
|h [Recurso electrn̤ico] /
|c Carlos Vz̀quez Iruzubieta
|
| 256 |
|
|
|a Servicio en ln̕ea
|
| 260 |
|
|
|a Barcelona :
|b Editorial vLex,
|c 2013
|
| 300 |
|
|
|a 1 recurso electrn̤ico
|
| 506 |
1 |
|
|a Contenido solo disponible en los productos indicados
|d vLex Global
|d vLex Global (Academic Edition, excluding Law Schools)
|d vLex Global (U.S. Academic Edition, Law Schools)
|d vLex Global (U.S. Academic Edition, excluding Law Schools)
|d vLex Global (Academic Edition, Law Schools)
|
| 650 |
0 |
4 |
|a Ley de Enjuiciamiento Criminal
|
| 650 |
0 |
4 |
|a LEC
|
| 740 |
0 |
|
|a vLex Libros (Servicio en ln̕ea)
|
| 856 |
4 |
0 |
|u http://vlex.com/source/comentario-ley-enjuiciamiento-criminal-11482
|z Acceso restringido
|
| 942 |
|
|
|c BOOK
|
| 999 |
0 |
|
|a Criminal law - Spain
|